Poznaj piłkarza po jego transferach #4 - Statystyki

Ogólne statystyki
  • Ten quiz został rozwiązany 45 razy
  • Średni wynik to 3 z 5
Statystyki odpowiedzi
Transfer Piłkarz % Poprawnych
Cracovia - Genoa - AC Milan - Hertha Berlin - AC Fiorentina - Hertha Berlin - AC Fiorentina - Salernitana - Hertha Berlin Piątek
98%
Gremio - FC Barcelona - Juve - Liverpool - Juve Arthur | Arthur Melo
62%
Maritimoc - FC Porto - Real Madryt - Besiktas - PAUZA - FC Porto Pepe
60%
Zlina - Moravce - Sampdoria - Inter Mediolan - PSG Skriniar
60%
RC Lens - Chelsea FC - Zulte Waregem - Chelsea FC - Bor. M'g - BVB - PSV - BVB Hazard | Thorgan Hazard
38%
Nie znaleziono quizów pasujących do podanych kryteriów
Rozkład punktacji
Procent ludzi z każdym wynikiem
Percentyl według liczby udzielonych odpowiedzi
Twoja historia wyników
Nie rozwiązałeś tego quizu